000 00656nam a2200217 a 4500
001 000024196
005 20200930022811.0
008 110120s1966 sp r 000 0 spa d
040 _aDO-SdBNP
_bspa
_cBNPHU
082 _a863.64
_bM445h, 1966
100 1 _aMatute, Ana María,
_d1926-
_94724
245 1 4 _aLos hijos muertos :
_bnovela /
_cAna María Matute.
250 _a4a ed.
260 _aBarcelona :
_bEditorial Planeta,
_c1966.
300 _a556 p. ;
_c21.5 cm.
586 _aPremio de la Crítica 1958
586 _aPremio Nacional de Literatura 1959
650 4 _aNovela española
_91123
650 4 _aLiteratura española
_9632
049 _aBNGR
999 _c23690
_d23690